[Event "Gipuzkoa-ch"]
[Site "Donostia"]
[Date "2015.10.10"]
[Round "2.2"]
[White "Parron Luceno, David"]
[Black "Gonzalez Blanco, Aitor"]
[Result "0-1"]
[WhiteElo "1537"]
[BlackElo "2005"]
[PlyCount "112"]
[EventDate "2015.10.03"]
[EventType "swiss"]
[EventRounds "7"]
[EventCountry "ESP"]
[SourceTitle "EXT 2024"]
[Source "ChessBase"]
[SourceDate "2023.10.10"]
[SourceVersion "1"]
[SourceVersionDate "2023.10.10"]
[SourceQuality "1"]

1. Nf3 Nf6 2. e3 g6 3. d4 Bg7 4. c4 c5 5. Nc3 b6 6. Bd3 Bb7 7. d5 d6 8. Qc2 e6 9. e4 0-0 10. 0-0 e5 11. Ne2 Bc8 12. h3 Nh5 13. Bg5 f6 14. Bh4 g5 15. Bg3 Qe8 16. Bh2 Nf4 17. Ng3 Na6 18. a3 Nc7 19. Nf5 Bxf5 20. exf5 Nxd3 21. Qxd3 e4 22. Qd2 exf3 23. Bxd6 fxg2 24. Rfe1 Qh5 25. Kxg2 Rf7 26. Bxc7 Rxc7 27. d6 Rf7 28. Qd5 Rd8 29. Re6 Kh8 30. Rae1 Bf8 31. Qc6 g4 32. hxg4 Qxg4+ 33. Kf1 Qh3+ 34. Ke2 Qxf5 35. Kd2 Qxf2+ 36. R1e2 Qd4+ 37. Kc2 Qxc4+ 38. Kb1 Qd3+ 39. Ka1 Rxd6 40. Qe8 Qd1+ 41. Ka2 Qd5+ 42. Ka1 Kg8 43. R6e3 f5 44. Re5 Qd1+ 45. Ka2 c4 46. Rg2+ Rg6 47. Ree2 Qb3+ 48. Ka1 c3 49. Rxg6+ hxg6 50. bxc3 Qxa3+ 51. Kb1 Qb3+ 52. Ka1 Qxc3+ 53. Kb1 Qb3+ 54. Ka1 a5 55. Rg2 Qd1+ 56. Kb2 Qd4+ 0-1

[Event "Donostia Spring op 09th"]
[Site "Donostia"]
[Date "2013.04.19"]
[Round "1"]
[White "Fernandez Zubitur, Asier"]
[Black "Gonzalez Blanco, Aitor"]
[Result "0-1"]
[WhiteElo "1656"]
[BlackElo "2042"]
[PlyCount "70"]
[EventDate "2013.04.19"]
[EventType "swiss"]
[EventRounds "8"]
[EventCountry "ESP"]
[SourceTitle "EXT 2024"]
[Source "ChessBase"]
[SourceDate "2023.10.10"]
[SourceVersion "1"]
[SourceVersionDate "2023.10.10"]
[SourceQuality "1"]

1. e4 d5 2. exd5 Qxd5 3. Nc3 Qa5 4. Nf3 Nf6 5. d4 c6 6. a4 Bg4 7. Be2 e6 8. h3 Bh5 9. 0-0 Bd6 10. Re1 0-0 11. Ne5 Bxe2 12. Qxe2 Bb4 13. Bd2 Qd8 14. Qd3 Nbd7 15. Nxd7 Qxd7 16. Ne2 Be7 17. c3 c5 18. Qb5 Qxb5 19. axb5 cxd4 20. Nxd4 Bc5 21. Nf3 Nd5 22. c4 Ne7 23. b4 Bb6 24. Bf4 Rfc8 25. c5 Bd8 26. Red1 Nd5 27. Bd6 Nc3 28. Rd2 Nxb5 29. Rda2 Nxd6 30. cxd6 Bb6 31. Nd2 Rc6 32. b5 Rc5 33. Rb1 Rd8 34. Kf1 f5 35. Nb3 Rxb5 0-1

[Event "Euskadi-chT Div 1"]
[Site "Bergara"]
[Date "2013.03.02"]
[Round "8.4"]
[White "Rodriguez Gonzalez, Alex"]
[Black "Gonzalez Blanco, Aitor"]
[Result "0-1"]
[WhiteElo "1998"]
[BlackElo "2031"]
[PlyCount "78"]
[EventDate "2013.01.12"]
[EventType "team-tourn"]
[EventRounds "9"]
[EventCountry "ESP"]
[SourceTitle "EXT 2015"]
[Source "ChessBase"]
[SourceDate "2014.11.20"]
[SourceVersion "1"]
[SourceVersionDate "2014.11.20"]
[SourceQuality "1"]

1. e4 e5 2. Nc3 Nf6 3. f4 d5 4. exd5 Nxd5 5. fxe5 Nxc3 6. bxc3 Qh4+ 7. Ke2 Qe4+ 8. Kf2 Qxe5 9. Nf3 Qc5+ 10. d4 Qxc3 11. Rb1 Be7 12. Bd3 0-0 13. Rb3 Qc6 14. Bb5 Qd5 15. c4 Qh5 16. Re3 Bg4 17. h3 Bxf3 18. Rxf3 c5 19. g4 Qh4+ 20. Kg2 Nc6 21. Bxc6 bxc6 22. dxc5 Bxc5 23. Rf5 Rad8 24. Qf3 Qe7 25. Rf1 Rd4 26. Rxc5 Qxc5 27. Ba3 Qxc4 28. Bxf8 Kxf8 29. Qa3+ c5 30. Qxa7 Rd2+ 31. Rf2 Qe4+ 32. Kg3 Qe5+ 33. Kg2 Qd5+ 34. Kg3 Qd6+ 35. Kg2 Qd5+ 36. Kg3 Rd3+ 37. Kh2 Qe5+ 38. Kg2 Qg3+ 39. Kf1 Rd1+ 0-1

[Event "San Sebastian Primavera de Gros op 8th"]
[Site "San Sebastian"]
[Date "2012.05.26"]
[Round "6"]
[White "Pinilla Santibanez, Roberto"]
[Black "Gonzalez Blanco, Aitor"]
[Result "1/2-1/2"]
[WhiteElo "2077"]
[BlackElo "2012"]
[PlyCount "178"]
[EventDate "2012.04.21"]
[EventType "swiss"]
[EventRounds "7"]
[EventCountry "ESP"]
[SourceTitle "EXT 2014"]
[Source "ChessBase"]
[SourceDate "2013.11.20"]
[SourceVersion "1"]
[SourceVersionDate "2013.11.20"]
[SourceQuality "1"]

1. d4 e6 2. e4 b6 3. Nf3 Bb7 4. Bd3 c5 5. 0-0 d6 6. Qe2 Nd7 7. c3 Ngf6 8. Re1 Be7 9. Nbd2 0-0 10. e5 Ne8 11. Ne4 Bxe4 12. Qxe4 g6 13. d5 exd5 14. Qxd5 Nc7 15. Qe4 Nxe5 16. Nxe5 dxe5 17. Bh6 Re8 18. Rad1 Bd6 19. Bc2 Qe7 20. f4 exf4 21. Qxe7 Bxe7 22. Rd7 Bh4 23. Rf1 Ne6 24. Bb3 Re7 25. Rxe7 Bxe7 26. Re1 g5 27. h4 g4 28. Bxf4 Bxh4 29. Rf1 Re8 30. g3 Bf6 31. Bh6 Bg7 32. Be3 h5 33. Rf5 Nd8 34. Kf2 Ne6 35. Rxh5 Bf6 36. Rf5 Kg7 37. Bxe6 Rxe6 38. Rf4 Be5 39. Rxg4+ Rg6 40. Rxg6+ Kxg6 41. Kf3 Kf5 42. g4+ Ke6 43. Ke4 Bd6 44. c4 a6 45. a4 Be7 46. b3 Bd6 47. Bg5 Bc7 48. Bd2 Bh2 49. Bf4 Bxf4 50. Kxf4 Kf6 51. a5 bxa5 52. Ke4 Kg5 53. Kd5 Kxg4 54. Kxc5 f5 55. Kd4 f4 56. c5 f3 57. c6 f2 58. c7 f1Q 59. c8Q+ Kh5 60. Qh8+ Kg6 61. Qg8+ Kh6 62. Qe6+ Kh7 63. Qe4+ Kh6 64. Qc6+ Kg7 65. Qc7+ Kf6 66. Qe5+ Kf7 67. Qxa5 Qd1+ 68. Kc4 Qg4+ 69. Kc5 Qf5+ 70. Kb4 Qf4+ 71. Kc3 Qe3+ 72. Kb2 Qe2+ 73. Ka3 Ke8 74. Qc5 Kd7 75. Qb6 Qb5 76. Qd4+ Kc6 77. Qf6+ Kc7 78. Qe7+ Kc6 79. Qe8+ Kc5 80. Qc8+ Kd4 81. Qh8+ Kd5 82. Qh5+ Kc6 83. Qe8+ Kc5 84. Qf8+ Kc6 85. Qc8+ Kd5 86. b4 Qd3+ 87. Ka4 Qb5+ 88. Kb3 Qd3+ 89. Ka4 Qb5+ 1/2-1/2

[Event "San Sebastian Primavera de Gros op 8th"]
[Site "San Sebastian"]
[Date "2012.04.28"]
[Round "2"]
[White "Diez Viera, Oscar"]
[Black "Gonzalez Blanco, Aitor"]
[Result "0-1"]
[WhiteElo "1813"]
[BlackElo "2012"]
[PlyCount "106"]
[EventDate "2012.04.21"]
[EventType "swiss"]
[EventRounds "7"]
[EventCountry "ESP"]
[SourceTitle "EXT 2014"]
[Source "ChessBase"]
[SourceDate "2013.11.20"]
[SourceVersion "1"]
[SourceVersionDate "2013.11.20"]
[SourceQuality "1"]

1. e4 d6 2. d4 Nf6 3. Nc3 g6 4. Be3 Bg7 5. f3 c6 6. Qd2 Qa5 7. Bh6 Bxh6 8. Qxh6 b5 9. Qd2 Nbd7 10. a3 Rb8 11. b4 Qc7 12. f4 a6 13. Nf3 Bb7 14. e5 Nh5 15. g4 c5 16. Bg2 cxb4 17. axb4 Nxf4 18. exd6 Nxg2+ 19. Kf2 Qxd6 20. Kxg2 Qxb4 21. Rhe1 h5 22. Rxe7+ Qxe7 23. Re1 hxg4 24. Rxe7+ Kxe7 25. Qg5+ Nf6 26. Qe5+ Kd7 27. Qxf6 gxf3+ 28. Kg3 Rh7 29. h4 Rc8 30. d5 Rc4 31. h5 Rxc3 32. Qxc3 Bxd5 33. hxg6 fxg6 34. Qd3 Rh5 35. Qxg6 Re5 36. Qxa6 Bc6 37. Qa7+ Kd6 38. Qb8+ Ke6 39. Qb6 Kd6 40. Qd8+ Ke6 41. c3 Re2 42. Qg8+ Kd6 43. Qf8+ Kc7 44. Qf4+ Kb7 45. Qf7+ Kb6 46. Qf6 Rg2+ 47. Kh3 f2 48. Kh4 Ka5 49. Qd8+ Ka4 50. Qf6 Kb3 51. Kh3 Kc2 52. Kh4 Be4 53. Kh3 Bd3 0-1

[Event "Euskadi-chT (Vasca) Div 1st"]
[Site "Bergara"]
[Date "2012.01.28"]
[Round "3.4"]
[White "Martiarena Lizarribar, Eneko"]
[Black "Gonzalez Blanco, Aitor"]
[Result "0-1"]
[WhiteElo "1996"]
[BlackElo "2012"]
[PlyCount "82"]
[EventDate "2012.01.14"]
[EventType "team-tourn"]
[EventRounds "9"]
[EventCountry "ESP"]
[SourceTitle "EXT 2024"]
[Source "ChessBase"]
[SourceDate "2023.10.10"]
[SourceVersion "1"]
[SourceVersionDate "2023.10.10"]
[SourceQuality "1"]

1. d4 Nf6 2. c4 c5 3. d5 e6 4. Nc3 exd5 5. cxd5 d6 6. Bf4 a6 7. a4 g6 8. Nf3 Bg7 9. e3 0-0 10. Be2 Nh5 11. Bg5 Qb6 12. Qc2 Bf5 13. e4 Bg4 14. Nd2 Bxe2 15. Nxe2 f5 16. 0-0 Qc7 17. Be3 f4 18. Bd4 Nd7 19. Nf3 Qd8 20. Bxg7 Nxg7 21. Qd2 Qf6 22. Nc3 b6 23. Rab1 g5 24. h3 h5 25. Nh2 Ne5 26. f3 Ra7 27. Rfe1 Ne8 28. b4 c4 29. Qd4 Rb7 30. Red1 Qg6 31. b5 a5 32. Nf1 Nf6 33. Nd2 g4 34. fxg4 hxg4 35. h4 Qh6 36. Nxc4 Nxc4 37. Qxc4 Qxh4 38. Qe2 Rh7 39. Qe1 g3 40. Kf1 Qg4 41. Kg1 f3 0-1

[Event "Gipuzkoa-ch"]
[Site "San Sebastian"]
[Date "2011.11.05"]
[Round "5"]
[White "Cantabrana Garona, Alejandro"]
[Black "Gonzalez Blanco, Aitor"]
[Result "1/2-1/2"]
[WhiteElo "1812"]
[BlackElo "2025"]
[PlyCount "50"]
[EventDate "2011.10.08"]
[EventType "swiss"]
[EventRounds "7"]
[EventCountry "ESP"]
[SourceTitle "EXT 2024"]
[Source "ChessBase"]
[SourceDate "2023.10.10"]
[SourceVersion "1"]
[SourceVersionDate "2023.10.10"]
[SourceQuality "1"]

1. d4 d5 2. e3 Nf6 3. Bd3 c5 4. b3 Nc6 5. Nf3 Bg4 6. Bb2 Qb6 7. dxc5 Qxc5 8. c3 e5 9. Be2 Qb6 10. Nbd2 Rd8 11. 0-0 Be7 12. h3 Bh5 13. Nh4 Bg6 14. Nxg6 hxg6 15. a4 e4 16. b4 0-0 17. Nb3 a5 18. b5 Ne5 19. Qd4 Qe6 20. Nxa5 Nf3+ 21. gxf3 Qxh3 22. f4 Ng4 23. Bxg4 Qxg4+ 24. Kh2 Qh4+ 25. Kg2 Qg4+ 1/2-1/2

[Event "Euskadi-chT (Vasca) Div 1st"]
[Site "Bergara"]
[Date "2011.01.15"]
[Round "2.4"]
[White "Rodriguez Gonzalez, Alex"]
[Black "Gonzalez Blanco, Aitor"]
[Result "0-1"]
[WhiteElo "2049"]
[BlackElo "2019"]
[PlyCount "62"]
[EventDate "2011.01.08"]
[EventType "team-tourn"]
[EventRounds "9"]
[EventCountry "ESP"]
[SourceTitle "EXT 2024"]
[Source "ChessBase"]
[SourceDate "2023.10.10"]
[SourceVersion "1"]
[SourceVersionDate "2023.10.10"]
[SourceQuality "1"]

1. e4 d5 2. exd5 Qxd5 3. Nc3 Qa5 4. d4 c6 5. Bc4 Nf6 6. Nge2 Bf5 7. Ng3 Bg6 8. h4 h6 9. 0-0 e6 10. Nce2 Nbd7 11. Nf4 Bh7 12. Re1 Bxc2 13. Qe2 Bb4 14. Rf1 Bh7 15. Bxe6 fxe6 16. Nxe6 Kf7 17. a3 Bd6 18. Ng5+ hxg5 19. hxg5 Rae8 20. Qd1 Qd5 21. f4 Ne4 22. Ne2 Bf5 23. Nc3 Nxc3 24. bxc3 Rh4 25. Bd2 Reh8 26. Rc1 Be4 27. Kf2 Bxg2 28. c4 Qe4 29. g6+ Kf8 30. Rg1 Rh2 31. Kg3 R8h3+ 0-1

[Event "Euskadi-chT (Vasca) Div 1st"]
[Site "Euskadi"]
[Date "2010.02.20"]
[Round "6.3"]
[White "Martinez Ayesa, Aitor"]
[Black "Gonzalez Blanco, Aitor"]
[Result "0-1"]
[WhiteElo "1850"]
[BlackElo "2003"]
[PlyCount "26"]
[EventDate "2010.01.09"]
[EventType "team-tourn"]
[EventRounds "9"]
[EventCountry "ESP"]
[SourceTitle "EXT 2024"]
[Source "ChessBase"]
[SourceDate "2023.10.10"]
[SourceVersion "1"]
[SourceVersionDate "2023.10.10"]
[SourceQuality "1"]

1. d4 Nf6 2. c4 c5 3. Nf3 e6 4. Nc3 b6 5. e4 d6 6. Bf4 cxd4 7. Nb5 e5 8. Nxe5 dxe5 9. Bxe5 Bb4+ 10. Ke2 0-0 11. Nc7 Qe7 12. Qxd4 Nc6 13. Qe3 Qxe5 0-1

[Event "Euskadi-chT"]
[Site "Bergara"]
[Date "2010.01.09"]
[Round "1.3"]
[White "Gonzalez Blanco, Aitor"]
[Black "Etxaurren Gavina, Asier"]
[Result "1/2-1/2"]
[WhiteElo "2003"]
[BlackElo "1977"]
[PlyCount "38"]
[EventDate "2010.01.09"]
[EventType "team-tourn"]
[EventRounds "9"]
[EventCountry "ESP"]
[SourceTitle "EXT 2011"]
[Source "ChessBase"]
[SourceDate "2010.11.26"]
[SourceVersion "1"]
[SourceVersionDate "2010.11.26"]
[SourceQuality "1"]

1. e4 Nf6 2. Bc4 d5 3. exd5 Nxd5 4. Qf3 c6 5. d4 g6 6. Ne2 Be6 7. Nbc3 Nc7 8. Bd3 Bg7 9. Be3 Nd7 10. Nf4 Nf6 11. h4 Bg4 12. Qg3 Ne6 13. Nxe6 Bxe6 14. h5 Nd5 15. hxg6 hxg6 16. Rxh8+ Bxh8 17. Nxd5 Qxd5 18. Qc7 Qd7 19. Qf4 0-0-0 1/2-1/2

[Event "Vasco-chT"]
[Site "Pais Vasco"]
[Date "2009.02.07"]
[Round "4.4"]
[White "Gonzalez Blanco, Aitor"]
[Black "Gete Rodriguez, Isidro"]
[Result "0-1"]
[WhiteElo "2020"]
[BlackElo "1980"]
[PlyCount "102"]
[EventDate "2009.01.10"]
[EventType "team-tourn"]
[EventRounds "9"]
[EventCountry "ESP"]
[SourceTitle "EXT 2010"]
[Source "ChessBase"]
[SourceDate "2010.11.25"]
[SourceVersion "1"]
[SourceVersionDate "2010.11.25"]
[SourceQuality "1"]

1. e4 e5 2. Nf3 Nc6 3. Bb5 f5 4. d4 fxe4 5. Nxe5 Nxe5 6. dxe5 c6 7. Be2 Qa5+ 8. Bd2 Qxe5 9. Bh5+ Kd8 10. Bc3 Qg5 11. g3 Nf6 12. Be2 d5 13. Bd4 Bh3 14. c3 Bd6 15. Nd2 Rf8 16. Qa4 Ng4 17. Qa5+ Bc7 18. Qb4 Qf5 19. Bxg7 Rf7 20. Bd4 Bb6 21. Qd6+ Rd7 22. Bxg4 Bxg4 23. Qf6+ Qxf6 24. Bxf6+ Ke8 25. h3 Bh5 26. g4 Bg6 27. Nb3 c5 28. 0-0-0 Kf7 29. g5 Rc8 30. Nd2 a6 31. b3 Bc7 32. Kb2 b5 33. Rhe1 Bh5 34. Rc1 Bf4 35. Rc2 Bg6 36. Nf1 e3 37. fxe3 Bxc2 38. exf4 Bf5 39. h4 Re8 40. Be5 d4 41. cxd4 cxd4 42. Rc1 d3 43. Nd2 Kg6 44. Rc6+ Re6 45. Rc3 Re8 46. Kc1 Kh5 47. Nf3 Kg4 48. Nd4 Rxe5 49. fxe5 Rxd4 50. Kd2 Kxh4 51. Rc5 Kxg5 0-1

[Event "Euskadi-chT (Vasca) Div 1st"]
[Site "Euskadi"]
[Date "2008.02.09"]
[Round "5.3"]
[White "Zamarbide Inarrea, Daniel"]
[Black "Gonzalez Blanco, Aitor"]
[Result "1/2-1/2"]
[WhiteElo "2038"]
[BlackElo "2003"]
[PlyCount "78"]
[EventDate "2008.01.12"]
[EventType "team-tourn"]
[EventRounds "9"]
[EventCountry "ESP"]
[SourceTitle "EXT 2024"]
[Source "ChessBase"]
[SourceDate "2023.10.10"]
[SourceVersion "1"]
[SourceVersionDate "2023.10.10"]
[SourceQuality "1"]

1. e4 d5 2. exd5 Qxd5 3. Nc3 Qa5 4. Bc4 Nf6 5. d3 c6 6. Bd2 Qb6 7. Bb3 Bf5 8. Qe2 e6 9. 0-0-0 Nbd7 10. f3 0-0-0 11. g4 Bg6 12. h4 h5 13. g5 Nd5 14. Nh3 Bf5 15. Nxd5 cxd5 16. d4 Kb8 17. Qe3 Bd6 18. Nf4 g6 19. Rhg1 Rc8 20. Nd3 Qb5 21. Bc3 Rc7 22. Ne5 Nb6 23. Rg2 Rhc8 24. Qe2 Qe8 25. Ba5 Bxc2 26. Bxc2 Rxc2+ 27. Qxc2 Rxc2+ 28. Rxc2 Bxe5 29. dxe5 Nc4 30. Rxc4 b6 31. Rc3 bxa5 32. Rd4 Qd8 33. Ra4 a6 34. Kd2 Ka7 35. b4 axb4 36. Rxb4 Qa5 37. a3 d4 38. Rxd4 Qxe5 39. Rdc4 Qh2+ 1/2-1/2

[Event "Euskadi-chTA"]
[Site "Euskadi"]
[Date "2000.12.16"]
[Round "4"]
[White "Gonzalez Blanco, Aitor"]
[Black "Pinedo Lerma, Juan Ramon"]
[Result "1/2-1/2"]
[WhiteElo "2022"]
[BlackElo "2103"]
[PlyCount "77"]
[EventDate "2000.11.18"]
[EventType "team"]
[EventRounds "9"]
[EventCountry "ESP"]
[SourceTitle "EXT 2006"]
[Source "ChessBase"]
[SourceDate "2005.11.24"]
[SourceVersion "1"]
[SourceVersionDate "2005.11.24"]
[SourceQuality "1"]

1. e4 e6 2. d4 d5 3. Nd2 dxe4 4. Nxe4 Nd7 5. Nf3 Ngf6 6. Ng3 Bd6 7. Bd3 0-0 8. 0-0 e5 9. Re1 exd4 10. Nxd4 Ne5 11. Bf5 Re8 12. Nb5 Bxf5 13. Nxf5 Bc5 14. Qxd8 Raxd8 15. Be3 Bxe3 16. Nxe3 c6 17. Nc3 Kf8 18. h3 Rd7 19. Rad1 Red8 20. Kf1 Ng6 21. Rxd7 Rxd7 22. Rd1 Nf4 23. Rxd7 Nxd7 24. Ne4 g6 25. Nd6 b6 26. Nc8 a6 27. Na7 Nb8 28. Nc8 Nd7 29. Na7 Nb8 30. Nc8 b5 31. Nd6 Ke7 32. Ne4 Nd7 33. g3 Ne6 34. Ke2 Ndc5 35. Nxc5 Nxc5 36. c4 Na4 37. cxb5 axb5 38. Nd1 Ke6 39. Kd3 1/2-1/2